| 000 | 01035cam a2200265 i 4500 | ||
|---|---|---|---|
| 001 | 18024243 | ||
| 005 | 20170105102412.0 | ||
| 008 | 140130s2014 nyua b 001 0 eng | ||
| 010 | _a 2014003665 | ||
| 020 | _a9780399165245 (pbk.) | ||
| 040 |
_aDLC _beng _cDLC _erda _dDLC |
||
| 042 | _apcc | ||
| 050 | 0 | 0 |
_aQA11.2 _b.O23 2014 |
| 082 | 0 | 0 |
_a501.9 _223 |
| 100 | 1 |
_aOakley, Barbara A., _d1955- |
|
| 245 | 1 | 2 |
_aA mind for numbers : how to excel at math and science (even if you flunked algebra) _bhow to excel at math and science (even if you flunked algebra) / _cBarbara Oakley, Ph.D. |
| 300 |
_axx, 316 pages : _billustrations ; _c23 cm |
||
| 504 | _aIncludes bibliographical references (pages 291-302) and index. | ||
| 650 | 0 | _aMath anxiety. | |
| 650 | 0 |
_aMathematics _xStudy and teaching _xPsychological aspects. |
|
| 650 | 0 | _aEducational psychology. | |
| 906 |
_a7 _bcbc _corignew _d1 _eecip _f20 _gy-gencatlg |
||
| 942 |
_2ddc _cBK |
||
| 999 |
_c13004 _d13004 |
||